01014nam a2200289 i 45000010005000000030009000050050017000140080039000310150017000700400035000870800007001221000041001292450100001702600068002703000028003383800017003665040032003836500015004156550017004306500036004477000027004837100042005108560097005529420012006499990015006619520048006768090KOSZ 00520200630132817.0071029s1969 pl a g f 001 0 pol aPB 1969/5026 aWA NcKOSZ 005/RWdKOSZ 005/RW a511 aWłodarski, Lechd(1916-1997)eAutor10aKurs przygotowawczy z matematyki na wyższe uczelnie /cLech Włodarski, Władysław Wendorff. aWarszawa ;aWrocław :bPaństwowe Wydawnictwo Naukowe,c1969. a489 s. :bil. ;c24 cm. aKsiążki. aBibliogr. s. [481]. Indeks. 4aMatematyka 4aPodręcznik 4aEgzaminy do szkół wyższych1 aWendorff, Władysław.2 aPaństwowe Wydawnictwo Naukowe4pbl. uhttp://koha.tu.koszalin.pl/cgi-bin/koha/opac-detail.pl?biblionumber=8090yKatalog online BPK 2UKDcKS c8090d8090 00104070aBPKbBPKcwo4535p02195025yKS